The Americas Geography By Letter N - Picture Quiz - Statistics

General Stats
  • This quiz has been taken 1,096 times
  • The average score is 11 of 18
Answer Stats
Picture Hint Answer % Correct
{Niagara} Falls
99%
(city) New York City
97%
(country) Nicaragua
95%
(smaller island) Nevis
83%
(capital city) Nassau
79%
(ethnic group) Navajo
78%
(region) New England
77%
{Napa} Valley
74%
(animal) {Newfoundland} dog
73%
(territory) Nunavut
71%
(state) New Jersey
70%
(sea rute) {Northwest} Passage
66%
(university) Notre Dame
44%
(island) Nantucket
40%
(capital of subdivision) Nuuk
32%
(city) Nashville
30%
(state) Nuevo Leon
21%
(animal) {Night} Heron
14%
No matching quizzes found
Score Distribution
Percent of People with Each Score
Percentile by Number Answered
Your Score History
You have not taken this quiz